|
|
|
|
| LEADER |
00751nam a2200193 i 4500 |
| 003 |
GR-PaULI |
| 005 |
20220210124628.0 |
| 008 |
180514s2007 gr ||||g |||| 00| f gre d |
| 952 |
|
|
|0 0
|1 0
|2 ddc
|4 0
|6 889_340000000000000_ΦΙΛ
|7 0
|9 355941
|a LISP
|b LISP
|c DON
|d 2022-02-10
|e ΠΑΤ
|i 147025
|l 0
|o 889.34 ΦΙΛ
|p 025000273464
|r 2022-02-10 00:00:00
|t 1
|w 2022-02-10
|y BKN
|
| 999 |
|
|
|c 208553
|d 208553
|
| 020 |
|
|
|a 9789609303361
|
| 040 |
|
|
|a GR-PaULI
|b gre
|c GR-PaULI
|e AACR2
|
| 082 |
0 |
4 |
|2 23
|a 889.34
|
| 100 |
1 |
|
|9 168837
|a Φίλος, Βαγγέλης,
|d 1954-
|e συγγραφέας.
|
| 245 |
1 |
0 |
|a Αλιάνθη /
|b Βαγγέλης Φίλος.
|
| 260 |
|
|
|a Ιωάννινα :
|b [χ.ό.],
|c 2007.
|
| 300 |
|
|
|a 107 σ. ;
|c 21 εκ.
|
| 942 |
|
|
|2 ddc
|c BKN
|
| 998 |
|
|
|c ΜΠΟΥΡΑΣ
|d 2022-02
|